| 000 | 00432nam a22001457a 4500 | ||
|---|---|---|---|
| 008 | 230619b xxu||||| |||| 00| 0 eng d | ||
| 082 |
_a305.4 _bMUK |
||
| 100 | _cWanjiku Mukabi Kabira | ||
| 245 | _aMaking Gender Count in the National Budget | ||
| 260 |
_aNairobi _bThe collaborative centre for gender and development _c1999 |
||
| 300 | _a34p | ||
| 600 | _cBillington Mwangi Gituto | ||
| 700 | _cHudson Shiverenje | ||
| 942 |
_2ddc _cBK |
||
| 999 |
_c1423 _d1423 |
||